| 000 | 01521cam a2200337 a 4500 | ||
|---|---|---|---|
| 999 |
_c534452 _d534452 |
||
| 001 | 14485222 | ||
| 003 | NUST | ||
| 005 | 20200225111946.0 | ||
| 008 | 060807s2006 cau q 000 0 eng | ||
| 010 | _a 2006025952 | ||
| 020 | _a9781932907186 (pbk.) | ||
| 020 | _a1932907181 (pbk.) | ||
| 038 | _awaseem | ||
| 040 |
_aDLC _cDLC _dDLC |
||
| 050 | 0 | 0 |
_aPN1996 _b.H289 c2006 |
| 082 | 0 | 0 |
_a808.23 _bHAM |
| 100 | 1 |
_aHamlett, Christina. _928595 |
|
| 245 | 1 | 0 |
_aScreenwriting for teens : _bthe 100 principles of scriptwriting every budding writer must know / _cChristina Hamlett. |
| 246 | 0 |
_iOther title information from cover: _aThe 100 principles of screenwriting every budding writer must know |
|
| 260 |
_aStudio City, CA : _bMichael Wiese Productions, _cc2006. |
||
| 300 |
_axvi, 228 p. ; _c19 x 28 cm. |
||
| 504 | _aFilmography (p. 201-224). | ||
| 504 | _aIncludes bibliographical references (p. 225-226). | ||
| 650 | 0 |
_aMotion picture authorship. _928596 |
|
| 856 | 4 | 1 |
_3Table of contents only _uhttp://www.loc.gov/catdir/toc/ecip0618/2006025952.html |
| 856 | 4 | 2 |
_3Publisher description _uhttp://www.loc.gov/catdir/enhancements/fy0716/2006025952-d.html |
| 856 | 4 | 2 |
_3Contributor biographical information _uhttp://www.loc.gov/catdir/enhancements/fy0913/2006025952-b.html |
| 906 |
_a7 _bcbc _corignew _d1 _eecip _f20 _gy-gencatlg |
||
| 942 |
_2ddc _cBK |
||